Nelson Mandela :Conversations with myself (Record no. 321260)

000 -LEADER
fixed length control field 00369 a2200133 4500
001 - CONTROL NUMBER
control field 86187
003 - CONTROL NUMBER IDENTIFIER
control field NUST
005 - DATE AND TIME OF LATEST TRANSACTION
control field 20180122091752.0
008 - FIXED-LENGTH DATA ELEMENTS--GENERAL INFORMATION
fixed length control field 180122b xxu||||| |||| 00| 0 eng d
020 ## - INTERNATIONAL STANDARD BOOK NUMBER
International Standard Book Number 9780374128951
082 ## - DEWEY DECIMAL CLASSIFICATION NUMBER
Classification number 968.06092 MAN
100 ## - MAIN ENTRY--PERSONAL NAME
Personal name Nelson Mandela
9 (RLIN) 9416
245 ## - TITLE STATEMENT
Title Nelson Mandela :Conversations with myself
Statement of responsibility, etc. Nelson Mandela
260 ## - PUBLICATION, DISTRIBUTION, ETC.
Place of publication, distribution, etc. New York
Name of publisher, distributor, etc. Farrar, Straus and Giroux
Date of publication, distribution, etc. 2010
300 ## - PHYSICAL DESCRIPTION
Extent xxi, 454 p.
942 ## - ADDED ENTRY ELEMENTS (KOHA)
Institution code [OBSOLETE] caenust
Call number prefix 968.06092 MAN
Koha item type Book
Source of classification or shelving scheme
Holdings
Withdrawn status Lost status Damaged status Not for loan Collection code Permanent Location Current Location Date acquired Total Checkouts Full call number Barcode Date last seen Price effective from Koha item type
          College of Aeronautical Engineering (CAE) College of Aeronautical Engineering (CAE) 04/03/2017   968.06092 MAN CAE85100 04/05/2017 04/05/2017 Book
© 2023 Central Library, National University of Sciences and Technology. All Rights Reserved.